00716 2200277 4500001002100000005001700021008004100038020001800079035002400097082001100121090001800132100002300150245005200173250001100225260003100236300002800267500002900295650002100324850001500345980001500360985000600375986001200381999001500393999001500408999001500423YOGYA-0209000000394420090227020653.0 ind  a979-525-040-5 0010-020900000003944 a631.42 a631.42bInd P aINDRANADA, Henry K aPengelolaan kesuburan tanahcHenry K. Indranada aCet. 1 aJakartabBumi Aksarac1994 aix, 90 hlmbilusc21 cm aBibliografi : hlm. 89-90 aTanah, Kesuburan aYOPDYOG(B) a03-28-2006 a3 aMrrtrev a99P0001285 a99P0001287 a97P0093119